| 000 | 00389cam a2200145ua 4500 | ||
|---|---|---|---|
| 041 |
_aeng _h |
||
| 082 |
_a604.2 _bSIM/EN |
||
| 100 | _aSims, Frank . | ||
| 245 |
_aEngineering formulas of conversions, definitions and tables / _cFrank Sims. _hTextual Documents |
||
| 260 |
_aNewyork : _bIndustrial press , _c1996. |
||
| 300 | _a385 ; . | ||
| 504 | _a | ||
| 942 | _cBK | ||
| 999 |
_c9645 _d9645 |
||